Introdução às funções de uma variável complexa /

Guardado en:
Autor Principal: Hönig, Chaim Samuel.
Formato: Libro
Idioma:Portuguese
Publicado: São Paulo : [Instituto de Matemática e Estatística da Universidade de São Paulo], 1971.
Edición:3. ed. rev. e ampliada.
Series:Publicações do Instituto de Matemática e Estatística da Universidade de São Paulo
Materias:
Etiquetas: Agregar Etiqueta
Sin Etiquetas, Sea el primero en etiquetar este registro!
LEADER 01032cam a22002171a 4500
001 MAT.inmabb005907
008 800530s1971####bl############000#0#por##
005 20160323160346.0
245 1 0 |a Introdução às funções de uma variável complexa /  |c Chaim Samuel Hönig. 
250 |a 3. ed. rev. e ampliada. 
260 |a São Paulo :  |b [Instituto de Matemática e Estatística da Universidade de São Paulo],  |c 1971. 
300 |a xii, 246 p. ;  |c 24 cm. 
440 0 |a Publicações do Instituto de Matemática e Estatística da Universidade de São Paulo 
500 |a "As presentes notas reproduzem um curso que demos no 1.º semestre de 1966 para os estudantes do 3.º ano dos cursos de licenciatura em matemática e física da Faculdade de Filosofia, Ciências e Letras da Universidade de São Paulo." 
510 4 |a MR,  |c 52 #14240 
100 1 |a Hönig, Chaim Samuel. 
650 0 |a Functions of complex variables. 
084 |a 30-01  |2 msc2000 
010 |a  80475156  
040 |a DLC  |c DLC  |d DLC 
859 |h 30  |i H773-3  |p A-4654  |b BIB. MATEMATICA